| 000 | 00618nam a2200217 i 4500 | ||
|---|---|---|---|
| 001 | 34531 | ||
| 003 | ES-MaACL | ||
| 005 | 20250829112148.0 | ||
| 007 | t| | ||
| 008 | 030207s1973 sp ||||1| spa d | ||
| 100 | 1 |
_aBlum, Paul. _929584 |
|
| 245 | 1 | 3 |
_aLa piel / _cPaul Blum ; [traducción de Alexandre Ferrer]. |
| 250 | _a[1ª ed.]. | ||
| 260 |
_aVillassar de Mar : _bOikos-Tau, _c[1973] |
||
| 300 |
_a124 p. : _bil. ; _c18 cm. |
||
| 490 | 1 | _a¿Qué sé? | |
| 700 | 1 |
_aFerrer, Alexandre. _950405 |
|
| 830 | 0 |
_a¿Qué sé? _9181382 |
|
| 852 |
_aES-MaACL _jC-55386 _bR.87954 |
||
| 999 |
_c34531 _d34531 |
||